[Event "Parlez-vous francais?"]
[Site "SchemingMind.com"]
[Date "2018.06.27"]
[Round "-"]
[White "echecs"]
[Black "Keithk"]
[Result "0-1"]
[WhiteCountry "ENG"]
[BlackCountry "ENG"]
[WhiteElo "1733"]
[WhiteRD "65"]
[BlackElo "2539"]
[BlackRD "60"]
[GameID "429787"]

1. e4 e6 2. d4 d5 3. e5 c5 4. c3 Nc6 5. Nf3 Qb6 6. a3 c4 7. Be2 Bd7 8. O-O Na5 9. Nbd2 Ne7 10. Rb1 h6
11. Ne1 Nf5 12. Nc2 Ba4 13. Nf3 O-O-O 14. Qd2 g5 15. Nb4 g4 16. Ne1 Nb3 17. Qf4 h5 18. Be3 Bh6
0-1

[Event "Parlez-vous francais?"]
[Site "SchemingMind.com"]
[Date "2018.06.27"]
[Round "-"]
[White "Keithk"]
[Black "echecs"]
[Result "1-0"]
[WhiteCountry "ENG"]
[BlackCountry "ENG"]
[WhiteElo "2539"]
[WhiteRD "60"]
[BlackElo "1733"]
[BlackRD "65"]
[GameID "429788"]

1. e4 e6 2. d4 d6 3. Nf3 c6 4. Bd3 Nf6 5. O-O Be7 6. Qd2 b5 7. Qf4 h6 8. e5 Nd5 9. Qg3 g5 10. Nc3 dxe5
11. Nxe5 Bd6 12. Ne4 Bc7 13. Qf3 Qe7 14. a4 b4 15. c4 bxc3 16. bxc3 Bxe5 17. dxe5 Nd7 18. Ba3 Qd8 19. Nd6+
1-0

[Event "Parlez-vous francais?"]
[Site "SchemingMind.com"]
[Date "2018.06.27"]
[Round "-"]
[White "Chessibelle"]
[Black "Keithk"]
[Result "0-1"]
[WhiteCountry "ENG"]
[BlackCountry "ENG"]
[WhiteElo "1238"]
[WhiteRD "58"]
[BlackElo "2539"]
[BlackRD "60"]
[GameID "429789"]

1. e4 e6 2. d3 d5 3. f3 Nc6 4. Nc3 Bc5 5. Nge2 d4 6. Nb5 a6 7. Na3 f5 8. Nc4 Nf6 9. g3 O-O 10. Bg2 fxe4
11. dxe4 b5 12. Nd2 e5 13. c3 d3 14. Ng1 Nd4 15. Nh3 Nc2+ 16. Kf1 Ne3+
0-1

[Event "Parlez-vous francais?"]
[Site "SchemingMind.com"]
[Date "2018.06.27"]
[Round "-"]
[White "Keithk"]
[Black "Chessibelle"]
[Result "1-0"]
[WhiteCountry "ENG"]
[BlackCountry "ENG"]
[WhiteElo "2539"]
[WhiteRD "60"]
[BlackElo "1238"]
[BlackRD "58"]
[GameID "429790"]

1. e4 e6 2. d4 d5 3. Nc3 Nf6 4. e5 Nfd7 5. f4 g6 6. Nf3 Bg7 7. h4 h5 8. Ng5 O-O 9. g4 f6 10. Nxe6 Qe7
11. Nxf8 Kxf8 12. Nxd5 Qe6 13. Bg2 c6 14. Nc7 Qe7 15. Nxa8 Qb4+ 16. c3 Qe7 17. gxh5 Qe8 18. Nc7 Qf7 19. Qb3 gxh5 20. Qxf7+ Kxf7
21. e6+ Ke7 22. f5 Nf8 23. b3 Nh7 24. Bh3 Kd6 25. Ne8+ Ke7 26. Nxg7 b5 27. Ba3+ Kd8 28. e7+ Kc7 29. e8=Q Kb6 30. Qxc8
1-0

[Event "Parlez-vous francais?"]
[Site "SchemingMind.com"]
[Date "2018.06.27"]
[Round "-"]
[White "Stephen Woodhouse"]
[Black "Keithk"]
[Result "0-1"]
[WhiteCountry "ENG"]
[BlackCountry "ENG"]
[WhiteElo "1912"]
[WhiteRD "68"]
[BlackElo "2529"]
[BlackRD "59"]
[GameID "429791"]

1. e4 e6 2. d4 d5 3. Nd2 c5 4. exd5 exd5 5. Ngf3 Nf6 6. Bb5+ Bd7 7. Bxd7+ Nbxd7 8. O-O Be7 9. dxc5 Nxc5 10. Nb3 Nce4
11. Be3 O-O 12. Nfd4 Nd6 13. Nd2 Re8 14. Re1 Qb6 15. Nf5 Qc6 16. Nxe7+ Rxe7 17. c3 Rae8 18. Nf3 Nc4 19. Qc1 Nxe3 20. Rxe3 Rxe3
21. fxe3 Qe6 22. h3 Kf8 23. Kf2 Ne4+ 24. Kg1 Nc5 25. Qd2 Qxe3+ 26. Qxe3 Rxe3 27. Kf2 Re6 28. Rd1 Ne4+ 29. Kg1 Rb6 30. Rxd5 Rxb2
31. Rd7 Nxc3 32. Ng5 Ke8 33. Rc7 Nd5 34. Rxf7 h6 35. Rxg7 hxg5 36. Rxg5 Ne7 37. Ra5 Nc6 38. Ra3 a5 39. h4 Kf7 40. Rg3 Rxa2
41. h5 Ra4 42. h6 Rh4 43. Rg7+ Ke6 44. h7 Ne7 45. g3 Rh6 46. Rg5 b6 47. Rb5 Nd5 48. Kg2 Rxh7 49. Kf3 a4
0-1

[Event "Parlez-vous francais?"]
[Site "SchemingMind.com"]
[Date "2018.06.27"]
[Round "-"]
[White "Keithk"]
[Black "Stephen Woodhouse"]
[Result "1-0"]
[WhiteCountry "ENG"]
[BlackCountry "ENG"]
[WhiteElo "2539"]
[WhiteRD "60"]
[BlackElo "1901"]
[BlackRD "63"]
[GameID "429792"]

1. e4 e6 2. d4 d5 3. Nc3 Nf6 4. e5 Nfd7 5. f4 c5 6. Nf3 Nc6 7. Be3 a6 8. Qd2 b5 9. a3 Qb6 10. Ne2 Bb7
11. dxc5 Bxc5 12. Ned4 Nxd4 13. Nxd4 Nb8 14. b4 Bxd4 15. Bxd4 Qc7 16. Bd3 Nc6 17. Bc5 Kd7 18. O-O Rac8 19. f5 Nxe5 20. fxe6+ fxe6
21. Rae1 h6 22. Qe3 Ng4 23. Qxe6+ Kd8 24. Be7+ Ke8 25. Bg6#
1-0

[Event "Parlez-vous francais?"]
[Site "SchemingMind.com"]
[Date "2018.07.02"]
[Round "-"]
[White "frankly"]
[Black "Keithk"]
[Result "1/2-1/2"]
[WhiteCountry "ENG"]
[BlackCountry "ENG"]
[WhiteElo "2583"]
[WhiteRD "67"]
[BlackElo "2529"]
[BlackRD "59"]
[GameID "429793"]

1. e4 e6 2. d4 d5 3. Nc3 Nf6 4. e5 Nfd7 5. f4 c5 6. Nf3 Nc6 7. Be3 Be7 8. dxc5 Bxc5 9. Qd2 Qb6 10. Bxc5 Nxc5
11. O-O-O O-O 12. f5 d4 13. Nxd4 Rd8 14. f6 Nxe5 15. Qg5 Ng6 16. Be2 e5 17. Ndb5 Ne6 18. Rxd8+ Qxd8 19. Qe3 Qxf6 20. Rd1 Qh4
21. g3 Qxh2 22. Nd6 Nd8 23. Nce4 Be6 24. Bf3 Qh6 25. Qxh6 gxh6 26. Nc5 Rb8 27. b4 Ne7 28. c3 Nf5 29. Nxe6 fxe6 30. a4 b6
31. Nxf5 exf5 32. Rd2 Rc8 33. Kb2 Ne6 34. Rd6 Kf7 35. Rd7+ Kf6 36. Rxa7 e4 37. Be2 f4 38. gxf4 Nxf4 39. Bb5 e3 40. Ra6 e2
41. Rxb6+ Kg5 42. Bxe2 Nxe2 43. Rb5+ Kg4 44. a5 h5 45. Rb7 Nxc3 46. a6 Nd5 47. b5 h6 48. b6 Kh3 49. a7 Ra8 50. Kc2 Nxb6
51. Rxb6=
1/2-1/2

[Event "Parlez-vous francais?"]
[Site "SchemingMind.com"]
[Date "2018.07.02"]
[Round "-"]
[White "Keithk"]
[Black "frankly"]
[Result "1/2-1/2"]
[WhiteCountry "ENG"]
[BlackCountry "ENG"]
[WhiteElo "2539"]
[WhiteRD "60"]
[BlackElo "2602"]
[BlackRD "69"]
[GameID "429794"]

1. e4 e6 2. d4 d5 3. Nc3 Bb4 4. e5 c5 5. a3 Bxc3+ 6. bxc3 Ne7 7. Qg4 Qc7 8. Qxg7 Rg8 9. Qxh7 cxd4 10. Ne2 Nbc6
11. f4 Bd7 12. Qd3 dxc3 13. Qxc3 Nf5 14. Rb1 d4 15. Qd3 O-O-O 16. Rg1 Na5 17. g4 Ba4 18. gxf5 Bxc2 19. Qb5 Rh8 20. fxe6 fxe6
21. Bd2 Nc4 22. Rb2 Ba4 23. Qxa4 Nxb2 24. Qb3 Nc4 25. Bg2 Kb8 26. Bb4 d3 27. Bc5 Nb6 28. Bd6 Rxd6 29. exd6 Qxd6 30. Be4 dxe2
31. Rg7 Rh3 32. Qc2 Nd7 33. Rg8+ Nf8 34. Rg7 Nd7 35. Rg8+ Nf8 36. Rg7 Nd7 37. Rg8+=
1/2-1/2

[Event "Parlez-vous francais?"]
[Site "SchemingMind.com"]
[Date "2018.06.27"]
[Round "-"]
[White "David Perna-Fraser"]
[Black "Keithk"]
[Result "0-1"]
[WhiteCountry "CAN"]
[BlackCountry "ENG"]
[WhiteElo "2204"]
[WhiteRD "72"]
[BlackElo "2529"]
[BlackRD "59"]
[GameID "429795"]

1. e4 e6 2. d4 d5 3. Nc3 Nf6 4. e5 Nfd7 5. f4 c5 6. dxc5 Nc6 7. Nf3 Bxc5 8. Qe2 a6 9. Bd2 b5 10. a3 O-O
11. g4 Bb7 12. Bg2 b4 13. axb4 Nxb4 14. O-O-O d4 15. Ne4 Qa5 16. Be1 Qa1+ 17. Kd2 Qxb2
0-1

[Event "Parlez-vous francais?"]
[Site "SchemingMind.com"]
[Date "2018.06.27"]
[Round "-"]
[White "Keithk"]
[Black "David Perna-Fraser"]
[Result "1-0"]
[WhiteCountry "ENG"]
[BlackCountry "CAN"]
[WhiteElo "2572"]
[WhiteRD "58"]
[BlackElo "2206"]
[BlackRD "74"]
[GameID "429796"]

1. e4 e6 2. d4 d5 3. Nc3 dxe4 4. Nxe4 Nf6 5. Nxf6+ Qxf6 6. Nf3 Nc6 7. Bg5 Qg6 8. Bd3 Qh5 9. h3 f6 10. Bd2 Bd7
11. O-O O-O-O 12. Re1 g5 13. c3 g4 14. Nh2 Bd6 15. Nxg4 f5 16. Nf6 Qg6 17. Nxd7 Rxd7 18. Qf3 Kb8 19. Re2 Rg7 20. Rae1 Rhg8
21. Rxe6 Qxg2+ 22. Qxg2 Rxg2+ 23. Kf1 Ne7 24. h4 Rg1+ 25. Ke2 Rxe1+ 26. Kxe1 f4 27. Rh6 f3 28. Bg5 Re8 29. Kd2 Ng6 30. Rxh7 Nf4
31. h5 Nh3 32. Be3 Bf4 33. Bf5 Bxe3+ 34. fxe3 Ng1 35. Rf7 c6 36. h6 f2 37. Bd3 Nh3 38. Rg7 Rf8 39. h7
1-0

[Event "Parlez-vous francais?"]
[Site "SchemingMind.com"]
[Date "2018.06.27"]
[Round "-"]
[White "Keithk"]
[Black "jolasebabes"]
[Result "1-0"]
[WhiteCountry "ENG"]
[BlackCountry "POR"]
[WhiteElo "2572"]
[WhiteRD "58"]
[BlackElo "2150"]
[BlackRD "72"]
[GameID "429797"]

1. e4 e6 2. d4 d5 3. Nc3 dxe4 4. Nxe4 Nd7 5. Nf3 Ngf6 6. Bd3 c5 7. O-O Nxe4 8. Bxe4 Nf6 9. Bg5 cxd4 10. Nxd4 Be7
11. Bf3 O-O 12. Qd3 Qc7 13. Rfe1 Rd8 14. Rad1 Bd7 15. Nf5 Bc6 16. Bf4 Rxd3 17. Bxc7 Rxd1 18. Nxe7+ Kf8 19. Bxd1 Kxe7 20. Ba5 Nd5
21. c4 Nf4 22. f3 Nd3 23. Re2 b6 24. Bc3 f6 25. Rd2 Rd8 26. Bc2 Nf4 27. Bb4+ Ke8 28. Rxd8+ Kxd8 29. Bxh7 e5 30. h4 Ke8
31. Bb1 Bb7 32. Kf2 Ba6 33. b3 b5 34. g3 Ne6 35. Bf5 Kf7 36. cxb5 Bxb5 37. h5 Bc6 38. Bg6+ Kg8 39. Ke3 Nc7 40. Bd6 Ne6
41. b4 a6 42. f4 exf4+ 43. gxf4 Nd8 44. Bd3 Bb5 45. Bxb5 axb5 46. Kd4 Nb7 47. Bc7 Kf7 48. Kd5
1-0

[Event "Parlez-vous francais?"]
[Site "SchemingMind.com"]
[Date "2018.06.27"]
[Round "-"]
[White "jolasebabes"]
[Black "Keithk"]
[Result "0-1"]
[WhiteCountry "POR"]
[BlackCountry "ENG"]
[WhiteElo "2101"]
[WhiteRD "78"]
[BlackElo "2529"]
[BlackRD "59"]
[GameID "429798"]

1. e4 e6 2. d4 d5 3. Nc3 Nf6 4. e5 Nfd7 5. f4 c5 6. Nf3 Nc6 7. Be3 a6 8. Qd2 b5 9. dxc5 Bxc5 10. Bd3 Qb6
11. Bf2 O-O 12. O-O h6 13. a3 Bb7 14. Rae1 b4 15. axb4 Qxb4 16. f5 d4 17. Nb1 exf5 18. Bxf5 Rad8 19. e6 fxe6 20. Bxe6+ Kh8
21. Qd3 Qb6 22. Bxd7 Nb4 23. Qb3 Rxd7 24. Ne5 d3 25. Nxd3 Qg6 26. g3 Qc6
0-1